PRINCIPLES OF MANAGEMENT ACCOUNTING (Record no. 9136)

MARC details
000 -LEADER
fixed length control field 00551nam a22001697a 4500
003 - CONTROL NUMBER IDENTIFIER
control field SGT
020 ## - INTERNATIONAL STANDARD BOOK NUMBER
International Standard Book Number 8172882661
082 ## - DEWEY DECIMAL CLASSIFICATION NUMBER
Classification number 658.1511,GOY
100 ## - MAIN ENTRY--PERSONAL NAME
Personal name GIYAL,S.N
245 ## - TITLE STATEMENT
Title PRINCIPLES OF MANAGEMENT ACCOUNTING
250 ## - EDITION STATEMENT
Edition statement 1ST
260 ## - PUBLICATION, DISTRIBUTION, ETC. (IMPRINT)
Place of publication, distribution, etc AGRA
Name of publisher, distributor, etc SAHITYA BHAWAN PUBLICATION
Year of Publication 2003
300 ## - PAGE DESCRIPTION
No. of Pages 240
650 ## - SUBJECT ADDED ENTRY--TOPICAL TERM
Topical term or geographic name as entry element MANAGEMENT ACCOUNTING
653 ## - KEYWORDS--INDEX TERM
Keyword term MANAGEMENT ACCOUNTING ITS ORIGIN CONCEPT AND GROWTH, BUSINESS BUDGETS AND BUDGETARY CONTROL, CAPITAL BUDGETING, MARGINAL COSTING AND BREAK EVEN ANALYSIS, STANDARD COSTING
942 ## - ADDED ENTRY ELEMENTS (KOHA)
Source of classification or shelving scheme Dewey Decimal Classification
Koha item type FCM Books
942 ## - ADDED ENTRY ELEMENTS (KOHA)
-- 5
Holdings
Withdrawn status Lost status Source of classification or shelving scheme Damaged status Not for loan Collection code Home library Current library Shelving location Date acquired Vendor Name Cost, normal purchase price SGTU Total Checkouts Full call number Accession No. (Barcode) Date last seen Date last borrowed Bill Date Koha item type
    Dewey Decimal Classification     COMMERCE MANAGEMENT SGT Science & Social Sciences Library SGT Science & Social Sciences Library Text Book 18/06/2016 GIFT 165.00 SGTU 11 658.1511,GOY CM318 02/01/2024 18/12/2023 18/06/2016 FCM Books